000 01187nas a2200409 4500
001 BR2022000028
003 BR-BrBNA
005 20231205132155.0
007 ta
008 230509b bl.|||p| |||| 00| 00por d
040 _aBR-BrBNA
_bpor
_cBiblioteca Nacional de Agricultura
041 _a(En)
072 _aK10
100 1 _aAryal, D.R.
100 1 _aCorzo, R.R.
100 1 _aCruz, A.L.
100 1 _aSanabria, C.V.
100 1 _aCastro, H.G.
100 1 _aHernández, F.G.
100 1 _aRuiz, R.P.
100 1 _aVenegas, J.A.V.
100 1 _aCoss, A, L. de
100 1 _aRuiz, D.M.
100 1 _aChi, I.E.
245 1 _bBiomass accumulation in forests with high pressure of fuelwood extraction in Chiapas, Mexico
650 _aFLORESTA TROPICAL
650 _aCARVALHO
650 _aPINHEIRO
650 _aLENHA
650 _aBIOMASSA
650 _aPESQUISA FLORESTAL
650 _aMÉXICO
773 0 _tRevista Árvore (Brazil)
_xISSN 1806-9088
_g(2018), v. 42(3) p. 1-9
_wBR2022000028
856 4 0 _uhttps://www.scielo.br/j/rarv/a/J9T68gRnJJVBN6d94XCvp5P/?format=pdf lang=en
909 _a202311
_bLúcia
_c55
_dLúcia Elande
942 _2AGRIS
_n0
_cANA
999 _c258895
_d258895